Ground-water resources of the El Paso area, Texas, (Record no. 28007)

MARC details
000 -LEADER
fixed length control field 01374cam a22003131 4500
001 - CONTROL NUMBER
control field gs 45000006
003 - CONTROL NUMBER IDENTIFIER
control field DLC
005 - DATE AND TIME OF LATEST TRANSACTION
control field 20260227111350.0
008 - FIXED-LENGTH DATA ELEMENTS--GENERAL INFORMATION
fixed length control field 791004s1945 dcua 000 0 eng
010 ## - LIBRARY OF CONGRESS CONTROL NUMBER
LC control number gs 45000006
035 ## - SYSTEM CONTROL NUMBER
System control number (OCoLC)5466953
040 ## - CATALOGING SOURCE
Original cataloging agency DLC
Transcribing agency TxE
Modifying agency OCoLC
-- DLC
050 00 - LIBRARY OF CONGRESS CALL NUMBER
Classification number TC801
Item number .U2 no. 919
100 1# - MAIN ENTRY--PERSONAL NAME
Personal name Sayre, A. N.
Fuller form of name (Albert Nelson),
Dates associated with a name 1901-
245 10 - TITLE STATEMENT
Title Ground-water resources of the El Paso area, Texas,
Statement of responsibility, etc. by A. N. Sayre and Penn Livingston.
260 ## - PUBLICATION, DISTRIBUTION, ETC.
Place of publication, distribution, etc. Washington,
Name of publisher, distributor, etc. U.S. Govt. Print. Off.,
Date of publication, distribution, etc. 1945.
300 ## - PHYSICAL DESCRIPTION
Extent vi, 190 p.
Other physical details incl. illus., tables. 16 pl. (part fold. incl. maps, diagrs.) on 11 l.
Dimensions 23 cm.
490 0# - SERIES STATEMENT
Series statement U.S. Geological survey; water-supply paper 919
500 ## - GENERAL NOTE
General note At head of title: United States Dept. of the Interior ... Geological Survey ...
501 ## - WITH NOTE
With note With : Utilization of surface-water resources of Sevier Lake basin, Utah. Washington : U.S. Govt. Print. Off.,1947. Bound together subsequent to publication.
Institution to which field applies DLC
504 ## - BIBLIOGRAPHY, ETC. NOTE
Bibliography, etc. note Bibliographical footnotes.
500 ## - GENERAL NOTE
General note Three folded maps and folded diagram in pocket.
650 #0 - SUBJECT ADDED ENTRY--TOPICAL TERM
Topical term or geographic name entry element Groundwater
Geographic subdivision Texas
-- El Paso Region.
650 #0 - SUBJECT ADDED ENTRY--TOPICAL TERM
Topical term or geographic name entry element Water-supply
Geographic subdivision Texas
-- El Paso Region.
650 #0 - SUBJECT ADDED ENTRY--TOPICAL TERM
Topical term or geographic name entry element Geology
Geographic subdivision Texas
-- El Paso Region.
700 1# - ADDED ENTRY--PERSONAL NAME
Personal name Livingston, Penn
Fuller form of name (Penn Poore),
Dates associated with a name 1899-
710 1# - ADDED ENTRY--CORPORATE NAME
Corporate name or jurisdiction name as entry element El Paso (Tex.).
Subordinate unit Water Board.
710 2# - ADDED ENTRY--CORPORATE NAME
Corporate name or jurisdiction name as entry element Texas Water Commission.

No items available.

Powered by Koha